|
|
|
|
| LEADER |
00000nam0a2200000 4500 |
| 001 |
302406 |
| 005 |
20231102001511.0 |
| 035 |
|
|
|a (RuTPU)RU\TPU\book\327613
|
| 090 |
|
|
|a 302406
|
| 100 |
|
|
|a 20150821d1982 km y0rusy50 ca
|
| 101 |
0 |
|
|a rus
|
| 102 |
|
|
|a UA
|
| 105 |
|
|
|a a z 001zy
|
| 200 |
1 |
|
|a Производственный потенциал предприятий сборного железобетона
|f Г. Я. Антоненко, Н. Н. Клименюк, Д. А. Калишук
|g под ред. Б. С. Стефанова
|
| 210 |
|
|
|a Киев
|c Вища школа
|d 1982
|
| 215 |
|
|
|a 132 с.
|c ил.
|
| 320 |
|
|
|a Библиогр.: с. 130-131
|
| 606 |
1 |
|
|a Заводы железобетонных изделий и конструкций
|x Производственная мощность
|2 stltpush
|3 (RuTPU)RU\TPU\subj\35655
|9 57299
|
| 610 |
1 |
|
|a производственный потенциал
|
| 610 |
1 |
|
|a капитальное строительство
|
| 610 |
1 |
|
|a использование
|
| 610 |
1 |
|
|a анализ
|
| 610 |
1 |
|
|a сборный железобетон
|
| 610 |
1 |
|
|a статистический анализ
|
| 610 |
1 |
|
|a оптимизация
|
| 610 |
1 |
|
|a моделирование
|
| 675 |
|
|
|a 666.982.013:658
|v 4
|
| 700 |
|
1 |
|a Антоненко
|b Г. Я.
|g Григорий Яковлевич
|
| 701 |
|
1 |
|a Клименюк
|b Н. Н.
|g Николай Николаевич
|
| 701 |
|
1 |
|a Калишук
|b Д. А.
|g Дмитрий Александрович
|
| 702 |
|
1 |
|a Стефанов
|b Б. С.
|4 340
|
| 801 |
|
1 |
|a RU
|b 63413507
|c 20150821
|
| 801 |
|
2 |
|a RU
|b 63413507
|c 20190408
|g RCR
|
| 942 |
|
|
|c BK
|